00397nam a2200145Ia 4500003000400000005001700004008004100021040000700062041000800069082002400077100002200101245008300123260003700206365000800243OSt20230628143339.0210423s9999 xx 000 0 und d cAL aeng a301.0954 223bBARI aBARRETO (Duarte). aIndias search for development and social justice.bAnalysis of indian society. bC S A PublicationaChennaic2002 cINR